Library Catalog

Test of the tribal challenge / (Record no. 345986)

MARC details
000 -LEADER
fixed length control field 00663nam a2200241Ia 4500
003 - CONTROL NUMBER IDENTIFIER
control field OSt
005 - DATE AND TIME OF LATEST TRANSACTION
control field 20260529094441.0
008 - FIXED-LENGTH DATA ELEMENTS--GENERAL INFORMATION
fixed length control field 240531s9999 xx 000 0 und d
020 ## - INTERNATIONAL STANDARD BOOK NUMBER
International Standard Book Number 9789966003058
040 ## - CATALOGING SOURCE
Original cataloging agency Kenya national library service
082 ## - DEWEY DECIMAL CLASSIFICATION NUMBER
Classification number 823.92 ARE
100 ## - MAIN ENTRY--PERSONAL NAME
Personal name Arensen,Shel
245 #0 - TITLE STATEMENT
Title Test of the tribal challenge /
Statement of responsibility, etc. Shel Arensen
300 ## - PHYSICAL DESCRIPTION
Extent 105 Pages;
Dimensions 19 cm
490 ## - SERIES STATEMENT
Series statement The Rugendo Rhino Series
500 ## - GENERAL NOTE
General note No.5
650 ## - SUBJECT ADDED ENTRY--TOPICAL TERM
Topical term or geographic name entry element Clubs -- Fiction.
650 ## - SUBJECT ADDED ENTRY--TOPICAL TERM
Topical term or geographic name entry element Robbers and outlaws -- Fiction.
650 ## - SUBJECT ADDED ENTRY--TOPICAL TERM
Topical term or geographic name entry element Fathers and sons -- Fiction.
942 ## - ADDED ENTRY ELEMENTS (KOHA)
Koha item type Books
Source of classification or shelving scheme Dewey Decimal Classification
Holdings
Withdrawn status Source of classification or shelving scheme Damaged status Not for loan Home library Current library Shelving location Date acquired Source of acquisition Cost, normal purchase price Total checkouts Full call number Barcode Date last seen Price effective from Koha item type
  Dewey Decimal Classification     Information Access Information Access   05/31/2024 PUR 450.00   823.92 ARE KNLS655820 06/26/2025 05/31/2024 Books

© 2025, Kenya National Library Service | Designed & Maintained by Uvumbuzi Center